Prénoms de scientifiques - Statistiques

Statistiques générales
  • Ce quiz a été pris 44 593 fois
    10 036 depuis la dernière actualisation
  • Le résultat moyen est 11 sur 20
Statistiques - réponses
Dates Prénom Nom % Correct
1867-1934 Marie Curie
99%
1452-1519 Léonard de Vinci
98%
1879-1955 Albert Einstein
95%
1822-1895 Louis Pasteur
91%
1859-1906 Pierre Curie
84%
1643-1727 Isaac Newton
83%
1847-1931 Thomas Edison
78%
1856-1943 Nikola Tesla
77%
1809-1882 Charles Darwin
76%
1942-2018 Stephen Hawking
73%
1912-1954 Alan Turing
54%
1743-1794 Antoine Lavoisier
41%
1852-1908 Henri Becquerel
41%
1858-1947 Max Planck
27%
1885-1962 Niels Bohr
26%
1815-1852 Ada Lovelace
23%
1791-1867 Michael Faraday
23%
1934-2025 Jane Goodall
22%
1834-1907 Dmitri Mendeleïev
20%
1571-1630 Johannes Kepler
20%
Aucun quiz correspondant
Distribution des résultats
% des personnes avec chaque résultat
Percentile par nombre de réponses
Votre historique - résultats
Vous n’avez pas pris ce quiz depuis la dernière actualisation